000 00449nam a22001697a 4500
003 OSt
005 20140310182138.0
008 130829t xxu||||| |||| 00| 0 eng d
020 _a086020572X
050 _aG 133
_b.Us84 1984
082 _aHS 910
_bUs1 1984
245 _aThe Usborne book of world geography /
260 _aEngland :
_bUsborne Publishing,
_cc1984.
300 _a160 p. :
_bill.;
_c28 cm.
942 _2lcc
_cHS
999 _c9802
_d9802